Top 15 Country Singers of ALL TIME - Statistics

General Stats
  • This quiz has been taken 34 times
  • The average score is 6 of 15
Answer Stats
Hint Answer % Correct
Ring Of Fire Johnny Cash
79%
I Will Always Love You Dolly Parton
63%
On the Road Again Willie Nelson
58%
Friends in Low Places Garth Brooks
42%
Your Cheatin’ Heart Hank Williams
42%
You’re Still the One Shania Twain
42%
Just to See You Smile Tim McGraw
42%
Courtesy of the Red, White and Blue Toby Keith
42%
White Lightning George Jones
37%
Fancy Reba McEntire
37%
I Saw God Today George Strait
32%
Coal Miner’s Daughter Loretta Lynn
32%
On the Other Hand Randy Travis
21%
It Won’t Be Like This for Long Darius Rucker
16%
She’s Got You Patsy Cline
16%
No matching quizzes found
Score Distribution
Percent of People with Each Score
Percentile by Number Answered
Your Score History
You have not taken this quiz